Statistics for U.S. State Capitals That Make the Least Sense

Click here to take the quiz!

General Stats

  • This quiz has been taken 50 times
  • The average score is 28 of 30

Answer Stats

Capital's Distance From
State Geographic Center (mi)
StateCapital's Population
Rank in State
% Correct
712Alaska
100%
167Florida
98%
Florida8
98%
168Nevada
98%
Nevada6
98%
New York6
98%
141Oregon
98%
147California
95%
California6
95%
151Kansas
95%
Kentucky14
95%
Montana6
95%
118Montana
95%
South Dakota9
95%
168Nebraska
93%
Vermont6
93%
126Texas
90%
118Washington
90%
Washington23
90%
111Wisconsin
90%
190Wyoming
90%
Maine10
88%
Maryland7
88%
Missouri15
88%
Pennsylvania9
88%
119Hawaii
86%
119Michigan
86%
New Jersey10
83%
Illinois7
81%
109Minnesota
81%

Score Distribution

Percentile by Number Answered

Percent of People with Each Score

Your Score History

You have not taken this quiz